000 00578nam a22001937a 4500
003 OSt
005 20140310182200.0
008 130902t xxu||||| |||| 00| 0 eng d
020 _a0091802784
050 _aTR 250
_b.G192 1994
082 _aHS 771.3
_bG19 1994
100 _aGarrett, John
_916237
245 _aCompact cameras :
_bhow to get the best from your point and shoot camera /
_cJohn Garrett.
260 _aLondon :
_bBooktitles Limited Ed,
_cc1994.
300 _a128 p. :
_bill . ;
_c26 cm.
651 _aCamera
_916238
942 _2lcc
_cHS
999 _c10208
_d10208